Cuentos del arco largo

-д хадгалсан:
Номзүйн дэлгэрэнгүй
Үндсэн зохиолч: Chesterton, Gilbert Keith (Зохиогч)
Формат: Ном
Хэл сонгох:испани
Хэвлэсэн: Barcelona Ediciones G. P 1960
Хэвлэл:1a. ed
Нөхцлүүд:
Шошгууд: Шошго нэмэх
Шошго байхгүй, Энэхүү баримтыг шошголох эхний хүн болох!

MARC

LEADER 00000nam a2200000 a 4500
001 UCJ8218
003 CL-VaPUC
008 070124e19600000SP |||||||||||||||||spa|d
082 0 4 |a 821  |b CHE  |2 21 
100 0 |a Chesterton, Gilbert Keith  |e author  |9 347361 
245 1 0 |a Cuentos del arco largo 
246 1 3 |a El impresentable aspecto del coronel Crane 
246 1 3 |a El éxito improbable del señor Owen Hood 
246 1 3 |a El tráfico discreto del capitán Pierce 
246 1 3 |a El huidizo compañero del pastor White 
246 1 3 |a El lujo exclusivo de Enoch Gates 
246 1 3 |a La inconcebible teoría del profesor Green 
246 1 0 |a Sorprendente escena en el congreso científico: el conferenciante enloquece y se da a la fuga 
246 1 3 |a La arquitectura sin precedentes del comandante Blair 
246 1 3 |a El último ultimatum de la Liga del Arco Largo 
250 |a 1a. ed 
300 |a 160 p 
942 |c BK 
945 |d 20070124 00:00:00  |a rinostro 
260 |a Barcelona  |b Ediciones G. P  |c 1960 
650 7 |a CUENTO INGLÉS  |2 CL-VaPUC  |9 509625 
650 0 |a Crítica literaria   |9 269189 
583 |a last modification  |c 20070124 00:00:00  |k Rodrigo Vera 
999 |c 324006  |d 324004 
952 |0 0  |1 0  |4 0  |6 821_000000000000000_CHE_1960  |7 0  |8 X  |9 403892  |a FDOBUD  |b FDOBUD  |d 2019-11-22  |i 1074652  |o 821 CHE 1960  |p 1074652  |r 2019-11-22  |w 2019-11-22  |y BK_X  |k BUD